The middle east in the world economy 1800-1914 / (Record no. 8051)

MARC details
000 -LEADER
fixed length control field 00858nac a22002655a 4500
008 - FIXED-LENGTH DATA ELEMENTS--GENERAL INFORMATION
fixed length control field 150816r20111981enk frb 001 0 eng d
010 ## - LIBRARY OF CONGRESS CONTROL NUMBER
LC control number 80042030
020 ## - INTERNATIONAL STANDARD BOOK NUMBER
International Standard Book Number 0416142702
020 ## - INTERNATIONAL STANDARD BOOK NUMBER
International Standard Book Number 9781850436584
040 ## - CATALOGING SOURCE
Original cataloging agency EG-ScBUE
Language of cataloging eng
Transcribing agency EG-ScBUE
082 04 - DEWEY DECIMAL CLASSIFICATION NUMBER
Classification number 330.956
Item number OWE
Edition number 22
100 1# - MAIN ENTRY--PERSONAL NAME
Personal name Owen, Roger,
245 14 - TITLE STATEMENT
Title The middle east in the world economy 1800-1914 /
Statement of responsibility, etc Roger Owen.
260 ## - PUBLICATION, DISTRIBUTION, ETC. (IMPRINT)
Place of publication, distribution, etc London ;
-- New York :
Name of publisher, distributor, etc Methuen,
Date of publication, distribution, etc 1981.
300 ## - PHYSICAL DESCRIPTION
Extent xix, 378 p. ;
Dimensions 25 cm.
500 ## - GENERAL NOTE
General note Index : p. 371-378.
500 ## - GENERAL NOTE
General note distributer: Baccah.
504 ## - BIBLIOGRAPHY, ETC. NOTE
Bibliography, etc Bibliography: p. 346-370.
590 ## - LOCAL NOTE (RLIN)
Local note catalogued by: Mostafa El-Helaly
650 ## - SUBJECT ADDED ENTRY--TOPICAL TERM
Source of heading or term BUEsh
651 #0 - SUBJECT ADDED ENTRY--GEOGRAPHIC NAME
Geographic name Middle East
General subdivision Economic conditions.
Source of heading or term BUEsh
651 #0 - SUBJECT ADDED ENTRY--GEOGRAPHIC NAME
Geographic name Middle East
General subdivision Foreign economic relations.
Source of heading or term BUEsh
653 ## - INDEX TERM--UNCONTROLLED
Arrived date list August2015
Resource For college BAEPS, Economics
942 ## - ADDED ENTRY ELEMENTS (KOHA)
Item type
Call number prefix 330.956OWE
Source of classification or shelving scheme Dewey Decimal Classification
Holdings
Withdrawn status Item status Source of classification or shelving scheme Damaged status Not for loan Home library Current library Shelving location Date acquired Source of acquisition Total Checkouts Total Renewals Full call number Barcode Date last seen Date last borrowed Koha item type Vendor Checked out
    Dewey Decimal Classification     Central Library Central Library First floor 19/02/2008 Purchase 7 18 330.956 OWE 000009739 15/07/2025 02/10/2013 Book - Borrowing    
    Dewey Decimal Classification     Central Library Central Library First floor 19/02/2008 Purchase 13 7 330.956 OWE 000009551 15/07/2025 28/02/2012 Book - Borrowing    
    Dewey Decimal Classification     Central Library Central Library First floor 19/02/2008 Purchase 10   330.956 OWE 000009905 15/07/2025 03/03/2011 NB - Book (Non borrowing)    
    Dewey Decimal Classification     Central Library Central Library First floor 17/05/2009   1   330.956 OWE 000015597 10/06/2009 10/06/2009 Book - Borrowing   17/11/2009
    Dewey Decimal Classification     Central Library Central Library First floor 16/08/2015   1 2 330.956 OWE 000026538 15/07/2025 14/02/2018 Book - Borrowing